MDQL
is popping MORE tags! Check the
thread
!
Quizzes
Events
Quiz Creation
Community
Videos
Private Events
Remove Ads
Sign In
Join for FREE
Feedback
Dark Mode
Quiz Categories
Sports
Geography
Music
Movies
Television
Just For Fun
Miscellaneous
History
Literature
Language
Science
Gaming
Entertainment
Religion
Holiday
For Kids
Quiz Lab
Recent
Popular Today
Quiz Kudos Today
Editor Picks
Curator Picks
Quizzes by...
Day
Popularity
Type
Ratings
Length
Year
Community
Subscriptions
Recent Discussions
Orange Saloon
Badges
Playlists
Quests
Create
Leaderboards
Showdown
Live 5
Trivia Bingo
Activity
Puzzle Library
Sporcle Events
Private Events
Virtual Trivia
Globe League
Become a Host
Pub Owners
SporcleCon
Opinionation
Our Games
Videos
Blog
Mobile Apps
Partnerships
Remove Ads and Go Orange
Feedback
Music
Pop Music
The Beatles
Song
Album
Lyrics
Bands
Singers
Artist
Clip
Rock
Rap
Classical
Billboard
Country Music
Kpop
Taylor Swift
Music
Pop Music
The Beatles
Song
Album
Lyrics
Bands
Singers
Artist
Clip
Rock
Rap
Classical
Billboard
Country Music
Kpop
Taylor Swift
Random Quiz
Search Sporcle
×
Quiz Lab
Quiz Lab
Music
Bands
Type in answers that appear in a list
Type in answers that appear in a list
Classic
Best Score? Go Orange.
K-Pop Rush 2 Stats
Can you find the missing vowels in these K-Pop groups? (Think Fast)
By
MrandMrsBiscuit
2m
20 Questions
2,187 Plays
2,187 Plays
2,187 Plays
Comments
Comments
Give Quiz Kudos
Give Quiz Kudos
-
- Ratings
hide this ad
Replay
Link that replays current quiz
Next Quiz
Link to next quiz in quiz playlist
You Got
0%
They Got
Avg Score
56%
Avg Friend Score
Upgrade to see
Score Distribution
Jump to the score distribution portion of the page
Score
0/20
Timer
02:00
0
Plays Today
Consonants
Group
% Correct
BTB
BtoB
97.9%
LVLYZ
Lovelyz
91.4%
WNDRGRLS
Wonder Girls
91%
BST
Beast/BESTie
85.2%
NFNT
Infinite
84.5%
HMYGRL
Oh My Girl
83.7%
DLSHBT
Dal Shabet
80.8%
MMM
Mamamoo
71.7%
NST
NU'EST
68.6%
XD
EXID
66.5%
Consonants
Group
% Correct
Z
Z:EA
64.9%
SPC
SPICA
62.6%
NQ
UNIQ
43.9%
TWPM
2PM
37%
JX
A-Jax
32.6%
HGHFR
High4
31.8%
RN
Rania
18.7%
TWNN
2NE1
12.1%
FFTNND
15&
6.4%
CN
A.Cian
4.5%
Quiz Playlist
Details
Report
Send in Message
Add To Playlist
Classic:
Type in answers that appear in a list
Last Updated: Sep 20, 2017
Quiz Scoreboard
CHALLENGE
Sign Up to Join the Scoreboard
Show All
Scores
Hide
Comments
May contain spoilers
Recently Published
Two Season TV Shows II
by 123Four
Television
10m
Image Sorting: Flags VI
by Barbecue
Geography
2m
Find the 'City' Movie
by crazypaving
Movies
60s
More to Explore
Quiz From the Vault
Featured Blog Post
14 Easter Pick-up Lines to Find Eggs With
hide this ad
You Might Also Like...
Tags
Bands Quiz
Kpop Quiz
classic
fast
Kpop Quiz
Per Letter
Pop Culture
Root Words
rush
South Korea
Vowel
Today's Top Quizzes in Music
Browse Music
hide this ad
Today's Top Quizzes in Bands
Browse Bands
Top Contributed Quizzes in Music
1
5X2 Blitz: Bands II
2
5X2 Blitz: The Beatles
3
Taylor Swift All Songs (2024)
4
5X2 Blitz: Billboard
5
5X2 Blitz: Billboard II
6
5X2 Blitz: Album
7
5X2 Blitz: Singers
8
5X2 Blitz: Rock
9
Music Artist by Three 2010s hits
10
5X2 Blitz: Lyrics
Explore More
Trending Topics
Disney
Anime
Harry Potter
Kpop
NBA
Crossword
Marvel
The Office
Pokémon
Country
WWE
NFL
Soccer
Puzzle
Song
hide this ad
More By:
MrandMrsBiscuit
Quiz
Plays
Rating
Category
Featured
Created
K-Pop blitz 4 (BTS Edition)
15,172
4.79
Music
Apr 22, 2016
K-Pop blitz 8 (Seventeen Edition)
14,058
4.23
Music
Apr 23, 2016
K-Pop blitz 2 (EXO Edition)
9,439
3.36
Music
Apr 22, 2016
K-Pop blitz 7 (Got7 Edition)
4,876
4.57
Music
Apr 23, 2016
K-Pop blitz 1 (SNSD Edition)
3,730
4.50
Music
Apr 22, 2016
Go to Creator's Profile
Score Distribution
Quiz Creator Spotlight
MrandMrsBiscuit
Follow
Send a Message
Quizzes Created
-
Created Quiz Play Count
-
More By This Creator
Popular Quizzes Today
1
Find the US States - No Outlines Minefield
2
Colored Red Africa Blitz
3
Find the 'City' Movie
4
5x2 Blitz: Bands
5
The Countries of the World
6
Find the Countries of Europe - No Outlines Minefield
7
Find the US States
8
US States
More Music Quizzes
Figure Out the Disney Lyrics VIII
Published
Trending Quizzes
Colored Red Europe Blitz I
Colored Red Africa Blitz II
Colored Red Europe Blitz II
Colored Red Africa Blitz III
Even More Two Season TV Shows
Recently Updated
March Madness Men's Triple Doubles
pecheneg
How Do You Spell That?
pecheneg
Godzilla Movies
pecheneg
Grab Bag: 4-10 Letters
pecheneg
2024 March Madness Bracket
pecheneg
Famous TV Couples
Peacemaker
Champions League XIs: Real Madrid
pecheneg
Largest US Cities 1790-2010
pecheneg
Rides in Walt Disney World
pecheneg
Most Oscar Losses (Acting)
pecheneg
Trending Topics
NBA
Anime
Disney
Harry Potter
Kpop
Marvel
Crossword
Soccer
Song
Country
Puzzle
The Office
WWE
NFL
Pokémon
Your Account Isn't Verified!
In order to create a playlist on Sporcle, you need to verify the email address you used during registration. Go to your
Sporcle Settings
to finish the process.
Report this User
Report this user for behavior that violates our
Community Guidelines
.
Details:
Send Report
Go to the Sporcle.com Mobile Site →
Comments